| 000 | 00412 a2200157 4500 | ||
|---|---|---|---|
| 999 |
_c4253 _d4253 |
||
| 020 | _a9781444712278 | ||
| 050 | _aPQ 4882 VIC 2012 | ||
| 100 | _aVichi, Marco | ||
| 245 |
_aDeath in Sardinia: _ban inspector Bordelli mystery/ |
||
| 264 |
_aGreat Britain: _bHodder, _c2012 |
||
| 300 | _a454p. : | ||
| 500 | _anovel | ||
| 650 |
_aMurder- Investigation _xFiction |
||
| 651 | _aItaly | ||
| 942 |
_2olc _cBK _h4882 _iVIC _kPQ |
||